Представление документа в формате RUSMARC

ПолеНазваниеЗначение
  Тип записи a
  Библиографический уровень m
001 Контрольный номер RU/CBS_UL/BASE/645640732
005 Дата корректировки 20240209174915.7
010 Индекс ISBN __
a ISBN 978-5-04-102248-8
b Уточнения в пер.
d Цена 658 р. 90 к.
9 Тираж 3 000 экз.
100 Данные общей обработки __
a Данные общей обработки 20200616d2020 ||| 0rusy0189 ca
101 Язык документа 0_
a Язык текста rus
102 Страна публикации __
a Страна публикации RU
105 Кодированные данные (монография) __
a Кодированные данные (монография) y###||||000|y
181 Поле кодированных данных: вид содержания _1
a Код вида содержания (ISBD) i#
b Код характеристики содержания (ISBD) #xxe##
d i
g x
h x
i e
182 Поле кодированных данных: тип средства _1
a Код типа средства (ISBD) n
2 Код системы (источник кода, отличный от ISBD) isbdmedia
200 Заглавие и сведения об ответственности 1_
a Заглавие Тайная история Marvel Comics
b Общее обозначение материала Текст
e Сведения, относящиеся к заглавию как группа изгоев создала супергероев
f Первые сведения об ответственности Ш. Хау
g Последующие сведения об ответственности пер. с англ. А. Фолькон
w Текст (визуальный) : непосредственный
203 Вид содержания и тип средства __
a Вид содержания Текст
b Характеристика содержания визуальный
c Тип средства непосредственный
210 Выходные данные 1_
a Место издания Москва
c Издательство ЭКСМО
c Издательство Бомбора™
d Дата издания 2019
215 Физическое описание __
a Объем 591, [1] с.
d Формат 22 см.
225 Серия 0_
a Серия Гик-культура. Лучшие книги про вселенную комиксов
300 Общие примечания __
a Общие примечания На обл. и тит. л. авт. не указан
333 Примечание о целевом назначении __
a Примечание о целевом назначении 16+
606 Тематические рубрики 0_
a Основная рубрика Комиксы американские
610 Ключевые слова 0_
a Ключевые слова комиксы
a Ключевые слова создание супергероев
a Ключевые слова истории невероятные
a Ключевые слова индустрия комиксов
a Ключевые слова творения и мифы
686 Индексы других классификаций __
a Классификационный индекс 85.153(3)
2 Код системы rubbk
700 Автор _0
a Фамилия Хау
b Имя (инициалы) Шон
g Полное личное имя Ш.
801 Источник записи _0
a Страна RU
b Организация МБУК ЦБС
c Дата составления 20200616
g Правила каталогизации RCR
801 Источник записи _1
a Страна RU
b Организация МБУК ЦБС г. Ульяновска
c Дата составления 20200616
g Правила каталогизации RCR
899 Данные о местонахождении __
i Авторский знак Х 26
j Расстановочный фильтр 85.15
900 Электронные ресурсы __
a Имя электронного ресурса тайная история
901 Тип документа __
t Тип документа m
910 Корректоры записи __
a Корректор записи Скрипина